Interactive computing series. (Record no. 8044)
[ view plain ]
| 000 -LEADER | |
|---|---|
| fixed length control field | 01115cam a22002774a 4500 |
| 001 - CONTROL NUMBER | |
| control field | 12529854 |
| 005 - DATE AND TIME OF LATEST TRANSACTION | |
| control field | 20251105102433.0 |
| 008 - FIXED-LENGTH DATA ELEMENTS--GENERAL INFORMATION | |
| fixed length control field | 010910s2002 maua 001 0 eng |
| 020 ## - INTERNATIONAL STANDARD BOOK NUMBER | |
| International Standard Book Number | 0072471840 |
| Qualifying information | alk. paper |
| 020 ## - INTERNATIONAL STANDARD BOOK NUMBER | |
| International Standard Book Number | 9780072471847 |
| Qualifying information | (alk. paper) |
| 050 00 - LIBRARY OF CONGRESS CALL NUMBER | |
| Classification number | T385 |
| Item number | .L3822 2002 |
| 082 00 - DEWEY DECIMAL CLASSIFICATION NUMBER | |
| Classification number | 006.6/869 |
| Edition information | 21 |
| 100 1# - MAIN ENTRY--PERSONAL NAME | |
| Personal name | Laudon, Kenneth C., |
| Dates associated with a name | 1944-2019. |
| 245 10 - TITLE STATEMENT | |
| Title | Interactive computing series. |
| Name of part/section of a work | Microsoft PowerPoint 2002 / |
| Statement of responsibility, etc. | Kenneth C. Laudon, Kenneth Rosenblatt, David Langley. |
| 250 ## - EDITION STATEMENT | |
| Edition statement | Introductory ed. |
| 260 ## - PUBLICATION, DISTRIBUTION, ETC. | |
| Place of publication, distribution, etc. | Boston : |
| Name of publisher, distributor, etc. | McGraw-Hill/Irwin, |
| Date of publication, distribution, etc. | c2002. |
| 300 ## - PHYSICAL DESCRIPTION | |
| Extent | 1 v. (various pagings) : |
| Other physical details | col. ill. ; |
| Dimensions | 28 cm. |
| 500 ## - GENERAL NOTE | |
| General note | Includes index. |
| 650 #0 - SUBJECT ADDED ENTRY--TOPICAL TERM | |
| Topical term or geographic name entry element | Presentation graphics software. |
| 700 1# - ADDED ENTRY--PERSONAL NAME | |
| Personal name | Rosenblatt, Kenneth. |
| 700 1# - ADDED ENTRY--PERSONAL NAME | |
| Personal name | Langley, David, |
| Titles and other words associated with a name | M.A. |
| 856 42 - ELECTRONIC LOCATION AND ACCESS | |
| Materials specified | Publisher description |
| Uniform Resource Identifier | <a href="http://www.loc.gov/catdir/description/mh021/2001095769.html">http://www.loc.gov/catdir/description/mh021/2001095769.html</a> |
| 856 41 - ELECTRONIC LOCATION AND ACCESS | |
| Materials specified | Table of contents |
| Uniform Resource Identifier | <a href="http://www.loc.gov/catdir/toc/mh021/2001095769.html">http://www.loc.gov/catdir/toc/mh021/2001095769.html</a> |
| 856 42 - ELECTRONIC LOCATION AND ACCESS | |
| Materials specified | Contributor biographical information |
| Uniform Resource Identifier | <a href="http://www.loc.gov/catdir/enhancements/fy0737/2001095769-b.html">http://www.loc.gov/catdir/enhancements/fy0737/2001095769-b.html</a> |
| 942 ## - ADDED ENTRY ELEMENTS (KOHA) | |
| Source of classification or shelving scheme | Library of Congress Classification |
| Koha item type | Books |
| Suppress in OPAC | No |
| 999 ## - | |
| -- | 8044 |
| -- | 8044 |
| Withdrawn status | Lost status | Source of classification or shelving scheme | Damaged status | Not for loan | Collection | Home library | Current library | Shelving location | Date acquired | Total checkouts | Full call number | Barcode | Date last seen | Copy number | Price effective from | Koha item type |
|---|---|---|---|---|---|---|---|---|---|---|---|---|---|---|---|---|
| Library of Congress Classification | Non-fiction | Science Library (Miotso) | Science Library (Miotso) | General stacks | 11/05/2025 | T385 .L3822 LAU | SLM00005313 | 11/05/2025 | 1 | 11/05/2025 | Books | |||||
| Library of Congress Classification | Non-fiction | Science Library (Miotso) | Science Library (Miotso) | General stacks | 11/05/2025 | T385 .L3822 LAU | SLM00005314 | 11/05/2025 | 2 | 11/05/2025 | Books | |||||
| Library of Congress Classification | Non-fiction | Science Library (Miotso) | Science Library (Miotso) | General stacks | 11/05/2025 | T385 .L3822 LAU | SLM00005315 | 11/05/2025 | 3 | 11/05/2025 | Books | |||||
| Library of Congress Classification | Non-fiction | Science Library (Miotso) | Science Library (Miotso) | General stacks | 11/05/2025 | T385 .L3822 LAU | SLM00005316 | 11/05/2025 | 4 | 11/05/2025 | Books | |||||
| Library of Congress Classification | Non-fiction | Science Library (Miotso) | Science Library (Miotso) | General stacks | 11/05/2025 | T385 .L3822 LAU | SLM00005317 | 11/05/2025 | 5 | 11/05/2025 | Books | |||||
| Library of Congress Classification | Non-fiction | Science Library (Miotso) | Science Library (Miotso) | General stacks | 11/05/2025 | T385 .L3822 LAU | SLM00005318 | 11/05/2025 | 6 | 11/05/2025 | Books | |||||
| Library of Congress Classification | Non-fiction | Science Library (Miotso) | Science Library (Miotso) | General stacks | 11/05/2025 | T385 .L3822 LAU | SLM00005319 | 11/05/2025 | 7 | 11/05/2025 | Books |